000 00871cam a2200241 4500
001 M84289
008 090401t1997 xxu||||| |||| 00| 0 eng d
035 _a(Sirsi) u78678
041 _aeng
050 _a692.5
110 _aBuilding Cost Information Service
_91096
245 _aCost trends 1997 [wall chart].
260 _aKingston Upon Thames
_bBuilding Cost Information Service
_c1997
300 _a1 folded sheet ; 50x65cm.
350 _a7.5
520 _aThis item is part of a subscription service and cannot be photocopied. Neither can be any part of it be read out over the phone. Please contact BCIS direct on 0171 222 7000 for details.
650 _aBUILT ENVIRONMENT-BUILDING COSTS
650 _aWALL CHARTS
690 _aBUILT ENVIRONMENT-BUILDING COSTS
710 _aBuilding Maintenance Information
_93229
942 _n0
948 _c30/05/1997
999 _c96468
_d96468